<?xml version="1.0" encoding="UTF-8"?><?xml-stylesheet type="text/xsl" href="static/style.xsl"?><OAI-PMH xmlns="http://www.openarchives.org/OAI/2.0/" xmlns:xsi="http://www.w3.org/2001/XMLSchema-instance" xsi:schemaLocation="http://www.openarchives.org/OAI/2.0/ http://www.openarchives.org/OAI/2.0/OAI-PMH.xsd"><responseDate>2026-04-14T15:31:44Z</responseDate><request verb="GetRecord" identifier="oai:uvadoc.uva.es:10324/21994" metadataPrefix="marc">https://uvadoc.uva.es/oai/request</request><GetRecord><record><header><identifier>oai:uvadoc.uva.es:10324/21994</identifier><datestamp>2021-06-29T16:33:38Z</datestamp><setSpec>com_10324_38</setSpec><setSpec>col_10324_852</setSpec></header><metadata><record xmlns="http://www.loc.gov/MARC21/slim" xmlns:doc="http://www.lyncode.com/xoai" xmlns:xsi="http://www.w3.org/2001/XMLSchema-instance" xmlns:dcterms="http://purl.org/dc/terms/" xsi:schemaLocation="http://www.loc.gov/MARC21/slim http://www.loc.gov/standards/marcxml/schema/MARC21slim.xsd">
<leader>00925njm 22002777a 4500</leader>
<datafield tag="042" ind1=" " ind2=" ">
<subfield code="a">dc</subfield>
</datafield>
<datafield tag="720" ind1=" " ind2=" ">
<subfield code="a">Fuente Lobato, Andrea de la</subfield>
<subfield code="e">author</subfield>
</datafield>
<datafield tag="260" ind1=" " ind2=" ">
<subfield code="c">2016</subfield>
</datafield>
<datafield tag="520" ind1=" " ind2=" ">
<subfield code="a">Para abordar la planogramación, se estudian distintas cuestiones que guían la elaboración del planograma. Teniendo en cuenta que el planograma es una herramienta para lograr la mejor disposición del surtido, en este trabajo se estudia, en primer lugar, el surtido, su estructura, sus dimensiones, sus datos cuantitativos y su gestión óptima.&#xd;
 &#xd;
Las estrategias de merchandising del surtido son objeto de estudio, diferenciando estrategias de localización en el punto de venta y de presentación en el lineal. &#xd;
&#xd;
También se analizan los planogramas como herramienta del merchandising en los supermercados, profundizando en los efectos positivos sobre el resto de áreas de la empresa, su función estratégica y sus tipos. &#xd;
&#xd;
Finalmente, se aborda la planogramación en la empresa. Se profundiza en el desarrollo de esta labor en la práctica empresarial. Los trabajadores encargados de la planogramación siguen unas guías de implantación marcadas por la empresa y unos criterios generales de planogramación.</subfield>
</datafield>
<datafield tag="024" ind2=" " ind1="8">
<subfield code="a">http://uvadoc.uva.es/handle/10324/21994</subfield>
</datafield>
<datafield ind1=" " ind2=" " tag="653">
<subfield code="a">Ventas - Gestión</subfield>
</datafield>
<datafield ind1=" " ind2=" " tag="653">
<subfield code="a">Supermercados - Gestión</subfield>
</datafield>
<datafield tag="245" ind1="0" ind2="0">
<subfield code="a">La estrategia de marketing en el punto de venta. La planogramación de un supermercado</subfield>
</datafield>
</record></metadata></record></GetRecord></OAI-PMH>